| 000 | 00438nam a2200193Ia 4500 | ||
|---|---|---|---|
| 005 | 20240823021852.0 | ||
| 008 | 240823s9999||||xx |||||||||||||| ||und|| | ||
| 020 | _a1 84293 139 3 | ||
| 041 | _aENGLISH | ||
| 082 | _A255.9 P7 | ||
| 100 | _a"Marvelly,Paula" | ||
| 245 | 0 | _aWomen of Wisdom | |
| 250 | _a1st | ||
| 260 |
_c2007 _b"Viva,New " _aNew Delhi |
||
| 500 | _aYES | ||
| 650 |
_aWomen _bGeneral |
||
| 942 | _cBK | ||
| 999 |
_c177903 _d177903 |
||